| 000 | 01272nam a22003737a 4500 | ||
|---|---|---|---|
| 001 | 0004380 | ||
| 003 | KOHA_MİRAKIL | ||
| 005 | 20260207001410.0 | ||
| 007 | ta | ||
| 008 | 090507b1993 tu |||gr||||#0|||0|tur | | ||
| 020 |
_a9751706289 _c0,01 |
||
| 040 |
_aTR-BiSEU _btur _cTR-BiSEU _erda |
||
| 041 | 0 | _atur | |
| 044 | _ctu | ||
| 050 |
_aDR600.5 _b.A93 1993 |
||
| 100 | 1 | _aAydınel, Sıtkı. | |
| 245 | 1 |
_aGüneybatı Anadolu'da Kuva-yı milliye harekatı/ _cSıtkı Aydınel ; Sıtkı Aydınel. |
|
| 264 | 1 |
_aAnkara : _bKültür Bakanlığı _c1993 |
|
| 300 | _aXVIII, 434 sayfa | ||
| 336 |
_ametin _btxt _2rdacontent |
||
| 337 |
_aaracısız _bn _2rdamedia |
||
| 338 |
_acilt _bnc _2rdacarrier |
||
| 490 | 1 |
_aKültür Bakanlığı yayınları ; _v1154. |
|
| 490 | 1 |
_aBaşvuru kitapları dizisi ; _v11. |
|
| 500 | _aKaynakça ve dizin var. | ||
| 650 | 0 |
_aTürkiye--Siyaset ve yönetim--1918-1960. _910770 |
|
| 650 | 0 |
_aTurkey--History--Revolution 1918-1923. _910126 |
|
| 650 | 0 |
_aTurkey--Politics and government--1918-1960. _910771 |
|
| 650 | 0 |
_aTürkiye--Kurtuluş Savaşı 1918-1923. _910772 |
|
| 830 | 1 |
_aKültür Bakanlığı yayınları ; _v1154. _96658 |
|
| 830 | 1 |
_aBaşvuru kitapları dizisi ; _v11. _99157 |
|
| 907 | _aTarih | ||
| 942 |
_2lcc _cBK |
||
| 999 |
_c4362 _d4362 |
||